000 00808nam a2200241 i 4500
001 79939
003 ES-MaACL
005 20260601155227.0
007 t|
008 041025s1984 sp ||||1| spa d
020 _a84-7327-100-9
100 1 _aHesse, Hermann,
_d1877-1962
_963472
245 1 0 _aCorrespondencia entre dos guerras /
_cHermann Hesse, Romain Rolland, Rabindranath Tagore ; traducción Joaquín Bochaca.
260 _aBarcelona :
_bNuevo Arte Thor,
_c[1984]
300 _a187 p. ;
_c17 cm.
490 1 _aEl Laberinto ;
_v13
700 1 _aRolland, Romain,
_d1866-1944
_9239240
700 1 _aTagore, Rabindranath,
_d1861-1941
_9109071
700 1 _aBochaca, Joaquín.
_929670
830 0 _aEl Laberinto ;
_v13
_9187510
852 _aES-MaACL
_jL-10335
_bR.108932
999 _c79939
_d79939